LIBRARY & INFORMATION CENTRE, KCAET, TAVANUR

ONLINE PUBLIC ACCESS CATALOGUE (OPAC)

Soils of the past: An introduction to paleopedology / (Record no. 9828)

MARC details
000 -LEADER
fixed length control field 00434cam a2200169ua 4500
020 ## - INTERNATIONAL STANDARD BOOK NUMBER
ISBN 0-04-551128-4
041 ## - LANGUAGE CODE
Language code of text/sound track or separate title eng
082 ## - DEWEY DECIMAL CLASSIFICATION NUMBER
Classification number 631.4
Item number RET/SO
100 ## - MAIN ENTRY--AUTHOR NAME
Personal name Retallack, G I .
245 ## - TITLE STATEMENT
Title Soils of the past: An introduction to paleopedology /
250 ## - EDITION STATEMENT
Edition statement 1 /
260 ## - PUBLICATION, DISTRIBUTION, ETC. (IMPRINT)
Place of publication London :
Name of publisher Unwin Hyman ,
Year of publication 1990.
300 ## - PHYSICAL DESCRIPTION
Number of Pages 519 ; .
942 ## - ADDED ENTRY ELEMENTS (KOHA)
Koha item type Books
Holdings
Withdrawn status Lost status Damaged status Home library Current library Date acquired Full call number Accession Number Koha item type
      KAUAET KAUAET 07/04/2012 631.4 18493 Books
free website counter